书目信息 |
| 题名: |
Excel函数、图表与透视表从入门到精通
|
|
| 作者: | 罗刚君 | |
| 分册: | ||
| 出版信息: | 北京 中国铁道出版社 2016.05 |
|
| 页数: | 488页 | |
| 开本: | 26cm | |
| 丛书名: | ||
| 单 册: | ||
| 中图分类: | TP391.13 | |
| 科图分类: | ||
| 主题词: | 计算机应用 | |
| 电子资源: | ||
| ISBN: | 978-7-113-21587-3 | |
| 000 | 00642nam0 2200205 450 | |
| 001 | 3383 | |
| 005 | 20160926093655.95 | |
| 010 | @a978-7-113-21587-3@b平装@dCNY69.80 | |
| 100 | @a20151001d2016 km y0chiy0120 ea | |
| 101 | 0 | @achi |
| 102 | @aCN@b110000 | |
| 200 | 1 | @aExcel函数、图表与透视表从入门到精通@AExcel han shu、tu biao yu tou shi biao cong ru men dao jing tong@f罗刚君@Fluo gang jun |
| 210 | @a北京@c中国铁道出版社@d2016.05 | |
| 215 | @a488页@d26cm | |
| 330 | @a表处理软件 | |
| 606 | 0 | @a计算机应用 |
| 690 | @aTP391.13@v4 | |
| 701 | 0 | @a罗刚君@Aluo gang jun |
| 801 | 0 | @aCN@b唐山师范学院图书馆@c20151001 |
| 905 | @aZUCC@dTP391.13@e1018 | |
| Excel函数、图表与透视表从入门到精通/罗刚君.-北京:中国铁道出版社,2016.05 |
| 488页;26cm |
| ISBN 978-7-113-21587-3(平装):CNY69.80 |
| 表处理软件 |
| ● |
| 相关链接 |
|
|
|
|
正题名:Excel函数、图表与透视表从入门到精通
索取号:TP391.13/1018
 
预约/预借
| 序号 | 登录号 | 条形码 | 馆藏地/架位号 | 状态 | 备注 |
| 1 | 904713 | 209047137 | 第二样本阅览室/ [索取号:TP391.13/1018] | 在馆 | |
| 2 | 904714 | 209047146 | 第三借阅区/ [索取号:TP391.13/1018] | 在馆 | |
| 3 | 904715 | 209047155 | 第三借阅区/ [索取号:TP391.13/1018] | 在馆 | |
| 4 | 904716 | 209047164 | 第三借阅区/ [索取号:TP391.13/1018] | 在馆 | |
| 5 | 904717 | 209047173 | 密集书库—计算机科学学院/ [索取号:TP391.13/1018] | 在馆 |